| 000 | 00604nam a22002177a 4500 | ||
|---|---|---|---|
| 003 | 0 | ||
| 005 | 20240924130747.0 | ||
| 008 | 240924b xxu||||| |||| 00| 0 eng d | ||
| 020 | _a9781119574323 | ||
| 050 |
_aHD 38.2 _b.H67 2020 |
||
| 100 |
_aHorstman, Mark, _eauthor. |
||
| 245 |
_aThe effective hiring manager / _cMark Horstman. |
||
| 260 |
_aNew Jersey : _bWiley, _c2020. |
||
| 300 |
_axvi, 222 p. : _c24 cm. |
||
| 504 | _aIncludes index. | ||
| 650 | _aExecutive ability. | ||
| 650 |
_aEmployees _xRecruiting. |
||
| 650 | _aSupervision of employees. | ||
| 650 | _aManagement. | ||
| 942 |
_2lcc _cBK |
||
| 999 |
_c366382 _d366382 |
||